00770cam a2200241 a 450000100060000000300080000600500170001400800410003102000160007202000320008803500190012004000270013904100080016608200240017410000200019824501030021826000450032130000300036650400370039665000410043365000320047470000220050653288BD-RjUL20211209075935.0161004s1985 enk b 001 0 eng  a07710206100 a0710096305 (pbk.) :c$12.00 a(BD-RjUL)53408 aDLCcDLCdBD-RjULbeng aeng00223a361.3bCLS 19851 aClark, Chris L.10aSocial work and social philosophy :ba guide for practice /cChris L. Clark, with Stewart Asquith. aLondon ;bRoutledge & Kegan Paul,c1985. avii, 133, 15 p. ;c23 cm. aIncludes index and Bibliography 0aSocial workersxProfessional ethics. 0aSocial servicexPhilosophy.1 aAsquith, Stewart.